The community network manual how to build the internet yourself /

Detalles Bibliográficos
Autor principal: Belli, Luca
Formato: eBook
Publicado: Rio de Janeiro: FGV - Direito Rio, 2018
Materias:
Acceso en línea:Acceso restringido

MARC

LEADER 00000nam a22000007a 4500
005 20190402230734.0
007 cr|||| ||||
008 190402s2018 eng|||||s|||| 00||0 br d
020 |a 978-85-9597-029-8 
035 |a 23219 
040 |a vLex 
090 |c 8548  |d 8548 
100 1 |a Belli, Luca 
245 1 3 |a The community network manual  |h [Recurso electrn̤ico] :  |b how to build the internet yourself /  |c Luca Belli 
256 |a Servicio en ln̕ea 
260 |a Rio de Janeiro:  |b FGV - Direito Rio,  |c 2018 
300 |a 1 recurso electrn̤ico 
506 1 |a Disponible solo en los productos indicados  |d vLex Global  |d vLex Global (Academic Edition, excluding Law Schools)  |d vLex Global (U.S. Academic Edition, Law Schools)  |d vLex Global (U.S. Academic Edition, excluding Law Schools)  |d vLex Global (Academic Edition, Law Schools) 
650 0 4 |a Derecho de las Nuevas Tecnologa̕s  |z Brasil 
650 0 4 |a Informt̀ica  |z Brasil 
740 0 |a vLex Libros (Servicio en ln̕ea) 
856 4 0 |u http://vlex.com/source/community-network-manual-how-build-internet-yourself-23219  |z Acceso restringido 
942 |c BOOK 
999 0 |a Right of New Technologies 
999 0 |a Computing